[Event "Gibraltar Masters 7th"]
[Site "Gibraltar"]
[Date "2009.01.31"]
[Round "5"]
[White "Berg, Emanuel"]
[Black "Hommeles, Theo"]
[Result "1-0"]
[WhiteElo "2606"]
[BlackElo "2410"]
[Annotator "Berg,E"]
[PlyCount "81"]
[EventDate "2009.01.27"]
[EventType "swiss"]
[EventRounds "10"]
[EventCountry "ENG"]
[SourceTitle "CBM 128 Extra"]
[Source "ChessBase"]
[SourceDate "2009.03.05"]
[SourceVersion "2"]
[SourceVersionDate "2009.03.25"]
[SourceQuality "1"]

1. e4 c5 2. Nf3 Nc6 3. d4 cxd4 4. Nxd4 Nf6 5. Nc3 d6 6. Bg5 e6 7. Qd2 a6 8.
O-O-O Bd7 9. f3 b5 10. Nxc6 {The usual reaction to ...b5 in order to avoid the
black knight moving to e5.} Bxc6 11. Ne2 {This knight should now be rerouted
to d4 and I find it best to start this manoeuvre right away.} Rc8 12. Nd4 Bb7
13. Kb1 Be7 14. h4 h6 15. Be3 Nd7 (15... h5 {is a usual reaction in order to
stop g4, but White then gets control of the g5 square after} 16. Bg5 {and
stands slightly better. Black's main problem is his king as castling short is
not very tempting. It's also hard to find any counterplay as the usual
knight-manoeuvre ...Nd7 now will mean the exchange of the dark-squared bishops
when the d6-pawn is seriously weakened.}) 16. g4 Ne5 {Now Black is ready to
push forward with ...d5.} 17. Be2 {This move is designed to meet ..d5 by f4.} (
{After} 17. Bd3 {Black simply continues with} d5 {and he has solved his
opening problems.}) 17... Bxh4 $5 {An interesting pawn grab that I fortunately
had foreseen during my preparation.} (17... d5 18. f4 Nc4 19. Bxc4 dxc4 (19...
bxc4 {kills the bishop on b7 and so White is at least slightly better after
either Qc3 or Ne2 with good control over the dark squares.}) 20. Qg2 $36 {
gives White a nice initiative with excellent attacking chances against the
black king.}) 18. Rxh4 $1 {After this exchange sacrifice Black looses
coordination among his pieces, allowing White some nice tactics on the
queenside.} (18. g5 {looks tempting, but Black does well by giving up the
exchange with} hxg5 $1 (18... Ng6 {keeps the material balance, but here White
is better after} 19. gxh6 gxh6 20. Rdg1 $1 {with a strong initiative. Black's
weakened king position will be a remaining problem for the rest of the game.})
19. Bxg5 Qxg5 20. Qxg5 Bxg5 21. Rxh8+ Kd7 22. Rxc8 Kxc8 {Black has a pawn, the
pair of bishops and active pieces which in my opinion fully compensate for the
exchange he has given up.}) 18... Qxh4 19. Nxb5 O-O {A sensible choice.} (19...
axb5 {was playable, but after} 20. Qxd6 {Black is forced to give back material
as he can't parry all the threats.} Nc4 ({or} 20... Bc6 21. Qxe5 O-O 22. Rg1
$36 {with a strong initiative for White.}) 21. Qd7+ Kf8 22. Qxb7 Rd8 23. Bd4 e5
24. Bc3 Rxd1+ 25. Bxd1 Kg8 26. Qxb5 Qh1 27. Kc1 Ne3 28. Qd3 $14 {White's
passed pawns on the queenside give him excellent winning chances.}) 20. Nxd6
Rc7 $5 (20... Rfd8 $2 21. Qc1 $16 {[%csl Gd6] forces Black to give up material
as after} Rb8 (21... Rc7 22. Bb6) 22. g5 {Black's positions is falling apart}
h5 23. Rh1 Qg3 24. Bf4 Qf2 (24... Qg2 25. Rh2 $18) 25. Nxb7 Rxb7 26. Bxa6 Rb6
27. Be3 Rxb2+ 28. Qxb2 Qxf3 29. Re1 {with a clear piece up for White.}) 21. c4
$1 {This move is aimed to secure the strong knight position on d6 by
protecting it with c5. It is also the start of pushing the queenside pawns
forward which is of great importance in the upcoming endgame.} ({The tempting} 
21. Qa5 $2 {is bad in view of} Qh2 $1 22. Qxc7 $2 ({Here White should play} 22.
Qe1 $1 {when he is still slightly better.}) 22... Qxe2 23. Rc1 Qxe3 24. Qxb7
Nxf3 $36 {Now Black has turned the table and has a strong initiative and the
better chances.}) (21. g5 $5 {was an interesting option to create counterplay
against the black king.}) 21... Rd7 (21... Qh3 $5 {with the idea ...Qg2 was a
worthy alternative.}) 22. c5 Bc6 (22... Qh3 $5) 23. Bd4 $1 {A good placement
for the bishop from where it controls all different directions of the board.
Now the e3-square is also prepared for the white queen if it becomes necessary.
} Qh2 (23... Qg3 24. Qe3 a5 25. f4 $16 {forces the queen exchange after which
White has the clearly better chances. The pair of bishops and the superb
knight on d6 are controlling the entire board. Black doesn't have any
counterplay, so White can slowly start advancing his queenside pawns which is
very likely to turn out to be a decisive force.}) 24. f4 {This move allows
some tactics for Black, but there was no need to avoid them as White gets the
upper hand and an easy position to play.} ({The alternative} 24. Qe3 {wasn't
bad either. White has a clear edge after} a5 25. f4 Ng6 26. f5 Ne5 27. Re1 $16
{[%cal Yg4g5]}) 24... Bxe4+ ({In the event of} 24... Ng6 {I was intending to
play} 25. Bxa6 Qxf4 26. Qxf4 Nxf4 27. b4 $16 {with a clear advantage for White.
It's very unlikely that Black will be able to stop the passed queenside pawns.
There might follow} Rfd8 28. b5 $1 Bxe4+ 29. Nxe4 Rxd4 30. Rxd4 Rxd4 31. b6 $1
Rxe4 32. a3 $1 Re3 33. Kb2 $18 {and even a clear rook up the black position is
completely hopeless.}) 25. Nxe4 Nc6 26. Nd6 Nxd4 {Black regains the piece, but
now White forces a queen exchange after which the queenside pawns start moving
quickly.} 27. Bxa6 Qxd2 28. Rxd2 Nc6 29. Bb5 Rc7 30. Bxc6 {Simplification
favours White here as the black rooks lacks mobility in the upcoming position
while the knight would still had been able to cause some trouble.} Rxc6 31. b4
Rb8 32. Rb2 {Now White's main idea is to move the king to c4 and then push b5.
Black's only hope is to give back an exchange on the d6-knight at the right
moment and create a passed pawn on the kingside.} Kf8 $1 {The king needs to
head over to the queenside to be able to block the passed pawns.} 33. a4 Ke7
34. Kc2 h5 $2 {This is totally wrong as it only gives Black an open file, but
no passed pawns. Now the task is getting easy for White. Much stronger was} (
34... Rxd6 $5 35. cxd6+ Kxd6 {which gives Black drawing chances. My feeling is
that White should still be winning, but it's definitely not easy. There might
follow} 36. Kb3 f5 37. gxf5 exf5 38. b5 $1 Kc5 39. Rc2+ Kb6 40. Rc6+ Ka7 41.
Kb4 Rb6 42. Rxb6 Kxb6 43. a5+ Kc7 44. Kc5 h5 45. a6 h4 46. b6+ Kb8 47. Kc6 h3
48. a7+ Ka8 49. Kc7 h2 50. b7+ Kxa7 51. b8=Q+ Ka6 52. Qb6#) (34... g6 {was the
move I expected during the game in order to create a passed h-pawn.} 35. Kc3
Rxd6 ({After} 35... h5 36. gxh5 gxh5 37. Nc4 $16 {Black is no longer able to
sacrifice an exchange for the white knight.}) 36. cxd6+ Kxd6 37. a5 h5 38. gxh5
gxh5 39. b5 Kc5 40. b6 Rb7 41. Rh2 Kb5 42. Rxh5+ f5 43. Rh1 Kxa5 44. Kd4 $1 Ka6
45. Ra1+ Kxb6 46. Rb1+ Kc7 47. Rxb7+ $18 {Black is close, but not quite
holding the draw. Anyway, this would at least had given better practical
chances.}) 35. gxh5 Rh8 36. Kb3 Rxh5 37. a5 Rh4 38. Ra2 $1 Rxd6 39. cxd6+ Kxd6
40. a6 Rh8 41. Rc2 $1 {By closing the c-file for the black king White can now
very simply usher through the a- and b-pawns with the help of his king.} 1-0

[Event "Sitges Sunway op 4th"]
[Site "Sitges"]
[Date "2017.12.23"]
[Round "9"]
[White "Aravindh, Chithambaram VR"]
[Black "Kozul, Zdenko"]
[Result "1-0"]
[WhiteElo "2586"]
[BlackElo "2607"]
[Annotator "Besenthal,K"]
[PlyCount "89"]
[EventDate "2017.12.15"]
[EventType "swiss"]
[EventRounds "9"]
[EventCountry "ESP"]
[SourceTitle "EXT 2019"]
[Source "ChessBase"]
[SourceDate "2018.10.10"]
[SourceVersion "1"]
[SourceVersionDate "2018.10.10"]
[SourceQuality "1"]
[TimeControl "40/5400+30:1800+30"]

1. e4 {[%emt 0:00:59]} c5 {[%emt 0:00:06]} 2. Nf3 {[%emt 0:00:08]} d6 {[%emt 0:
00:28]} 3. d4 {[%emt 0:00:13]} cxd4 {[%emt 0:00:07]} 4. Nxd4 {[%emt 0:00:04]}
Nf6 {[%emt 0:00:08]} 5. Nc3 {[%emt 0:00:05]} Nc6 {[%emt 0:01:01]} 6. Bg5 {
[%emt 0:00:17]} e6 {[%emt 0:00:07]} 7. Qd2 {[%emt 0:00:10]} a6 {[%emt 0:01:15]}
8. O-O-O {[%emt 0:00:22]} Bd7 {[%emt 0:00:08]} 9. f3 {[%emt 0:00:15]} Rc8 {
[%emt 0:16:36]} 10. Kb1 {[%emt 0:03:06]} Be7 {[%emt 0:00:31]} 11. Be3 {[%emt 0:
01:22]} h5 {[%emt 0:00:57]} 12. Nxc6 {[%emt 0:03:50]} Bxc6 {[%emt 0:01:35]} 13.
Ne2 {[%emt 0:00:46]} d5 {[%emt 0:02:21]} 14. e5 {[%emt 0:01:14]} Nd7 {[%emt 0:
00:38]} 15. f4 {[%emt 0:01:00]} Bb5 {[%emt 0:04:44]} 16. Nd4 {[%emt 0:17:51]}
Bxf1 {[%emt 0:00:35]} 17. Rhxf1 {[%emt 0:00:17]} g6 {[%emt 0:00:10]} 18. Rf3 {
[%emt 0:04:16]} Nc5 {[%emt 0:05:35]} 19. Rh3 {[%emt 0:02:21]} Ne4 {[%emt 0:00:
42]} 20. Qe2 {[%emt 0:01:17]} Rf8 {[%emt 0:12:42]} 21. g4 {[%emt 0:12:15]} hxg4
{[%emt 0:00:26]} 22. Qxg4 {[%emt 0:00:15]} Qd7 {[%emt 0:04:37]} 23. Rh7 {
[%emt 0:02:37]} Bc5 {[%emt 0:04:35]} 24. h4 {[%emt 0:05:04]} Bxd4 {[%emt 0:05:
06]} 25. Bxd4 {[%emt 0:01:26]} Qc6 {[%emt 0:08:43]} 26. c3 {[%emt 0:03:46]} b5
{[%emt 0:01:03]} 27. Qg2 {[%emt 0:02:58]} a5 {[%emt 0:04:50]} 28. h5 {[%emt 0:
06:47]} gxh5 {[%emt 0:00:37]} 29. Rh6 {[%emt 0:03:26]} b4 {[%emt 0:09:46]} 30.
cxb4 {[%emt 0:00:32]} axb4 {[%emt 0:00:20]} 31. f5 {[%emt 0:00:44]} Ng3 {
[%emt 0:00:57]} 32. fxe6 {[%emt 0:01:54]} fxe6 {[%emt 0:00:07]} 33. a3 {
[%emt 0:16:15]} Nf5 {[%emt 0:04:06]} 34. Rh7 {[%emt 0:00:37] [#] Weiß greift
am Königsflügel an, Schwarz am Damenflügel - ein typisches Szenario in der
Sizilianischen Verteidigung. In der vorliegenden Stellung ist dies für beide
Seiten ein Drahtseilakt: Ein überstürztes Forcieren des Angriffs könnte den
eigenen König schutzlos werden lassen.} Ne7 {[%emt 0:05:55]} (34... Nxd4 $4 {
funktioniert nicht:} 35. Qg6+ Kd8 36. Qg5+ Ke8 37. Qe7#) 35. axb4 {[%emt 0:01:
31]} Qa4 {[%emt 0:01:50]} 36. Qe2 {[%emt 0:05:08]} Rf5 {[%emt 0:02:57] [#] Ein
unerklärlicher Fehlgriff von Kozul.} ({Nach} 36... Qxb4 $1 37. Qa6 Kd7 {
wäre für Schwarz alles in Ordnung gewesen.}) 37. Bc5 $1 {[%emt 0:01:07] Nach
diesem Zug ist der schwarze Angriff am Damenflügel praktisch Geschichte - und
das ist entscheidend. Jeder theoretisch mögliche Springerzug des Schwarzen
würde nun mit Tg1 und schnellem Gewinn beantwortet werden.} Rxe5 {[%emt 0:02:
00]} (37... Rf7 38. Rxf7 Kxf7 39. Qxh5+ $18) (37... Rc7 38. Rg1 $18) (37...
Rxc5 38. bxc5 Rxe5 39. Rd4 $1 Qxd4 40. Qb5+ {hätte zum Matt geführt.}) 38.
Rxe7+ {[%emt 0:01:10]} Kd8 {[%emt 0:00:01]} 39. Qd2 {[%emt 0:01:33]} Rxc5 {
[%emt 0:00:18]} 40. Rh7 {[%emt 0:00:00] [#] Es ist immer noch interessant:
Schwarz besitzt jetzt sogar mehr Material, aber sein König ist für die weißen
Schwerfiguren Freiwild. Hingegen steht der weiße Monarch vollkommen sicher.
Noch immer spielt die Möglichkeit mit dem Turm nach g1 zu schwenken eine
entscheidende Rolle.} Rc4 (40... Rc7 41. Rxc7 Kxc7 42. Qc3+ Kd6 43. Qc5+ Kd7
44. Rg1 {hätte auch nichts genützt.}) 41. Rf1 {[%emt 0:03:49]} Ke8 {[%emt 0:05:
01]} 42. Rf8+ {[%emt 0:00:38]} Kxf8 {[%emt 0:00:08]} 43. Qh6+ {[%emt 0:00:04]}
Ke8 {[%emt 0:00:10]} 44. Qg6+ {[%emt 0:00:05]} Kd8 {[%emt 0:00:15]} 45. Qf6+ {
[%emt 0:00:05]} 1-0

[Event "Belgrade Investbank"]
[Site "Belgrade"]
[Date "1991.??.??"]
[Round "?"]
[White "Nunn, John DM"]
[Black "Damljanovic, Branko"]
[Result "1/2-1/2"]
[WhiteElo "2610"]
[BlackElo "2585"]
[Annotator "Boensch,U"]
[PlyCount "57"]
[EventDate "1991.11.??"]
[EventType "tourn"]
[EventRounds "11"]
[EventCountry "YUG"]
[EventCategory "15"]
[SourceTitle "CBM 027"]
[Source "ChessBase"]
[SourceDate "1992.04.01"]
[SourceVersion "1"]
[SourceVersionDate "1992.04.01"]
[SourceQuality "1"]

1. e4 c5 2. Nf3 Nc6 3. d4 cxd4 4. Nxd4 Nf6 5. Nc3 d6 6. Bg5 e6 7. Qd2 a6 8.
O-O-O Bd7 9. f4 b5 10. Bxf6 gxf6 11. Kb1 Qb6 12. Nce2 (12. Nxc6 Bxc6 13. Qe1 {N
} Be7 14. f5 Qc5 15. Bd3 b4 16. Ne2 $14 {Wolff,P-Fedorowicz,J USA(ch) 1991})
12... h5 13. g3 Na5 14. b3 Rb8 $1 {N} (14... Rd8 15. Bg2 Nb7 16. Qe3 Bg7 17.
Rhf1 Nc5 18. Nc3 b4 19. Nf5 bxc3 20. Rxd6 Qb4 21. Nxg7+ Kf8 22. Nxe6+ Nxe6 23.
Rfd1 $16 {Sax,Gy-Piket,J Lugano 1987}) 15. Bg2 Nc4 16. Qd3 Na3+ 17. Kb2 b4 18.
c4 Bg7 (18... bxc3+ 19. Nxc3 (19. Kxa3 $2 d5+ $19) 19... Nb5 $14) 19. Nf3 (19.
f5 $5) 19... O-O 20. Qxd6 Qf2 $1 21. Qxd7 Rbd8 (21... Qxg2 22. Qd3 Rbd8 23. Qe3
$16) (21... Qxe2+ 22. Rd2 Qxe4 $13) 22. Qxd8 Rxd8 23. Rxd8+ Kh7 24. Re1 Qxg2
25. Rd3 Qf2 26. Kc1 Bf8 27. Kd2 Bc5 28. Rc1 Kg7 29. h3 {Boensch} 1/2-1/2

[Event "Interzonal-16"]
[Site "Biel"]
[Date "1993.??.??"]
[Round "6"]
[White "Hjartarson, Johann"]
[Black "Kozul, Zdenko"]
[Result "1-0"]
[WhiteElo "2605"]
[BlackElo "2595"]
[Annotator "Boensch,U"]
[PlyCount "95"]
[EventDate "1993.07.16"]
[EventType "swiss"]
[EventRounds "13"]
[EventCountry "SUI"]
[SourceTitle "CBM 037"]
[Source "ChessBase"]
[SourceDate "1993.12.01"]
[SourceVersion "1"]
[SourceVersionDate "1993.12.01"]
[SourceQuality "1"]

1. e4 {Hjartarson,J} c5 2. Nf3 d6 3. d4 cxd4 4. Nxd4 Nf6 5. Nc3 Nc6 6. Bg5 e6
7. Qd2 a6 8. O-O-O Bd7 9. f4 b5 (9... h6 10. Bxf6 Qxf6 11. Nf3 Qd8 12. g4 Qa5
13. h4 O-O-O 14. Bg2 g6 15. Qe3 Kb8 16. Rd2 Qc7 17. Rhd1 $14 {Shirov,A-Dreev,A
Biel izt (13) 1993 1-0 61}) 10. Bxf6 gxf6 11. f5 (11. Kb1 Qb6 12. Nxc6 Bxc6 13.
Qe1 Ra7 14. f5 b4 15. Ne2 e5 16. Ng3 h5 17. Be2 Rh6 18. Bc4 a5 19. Nf1 $14 {
Gurevich,I-Kozul,Z Biel izt (11) 1993 1-0 53}) 11... Nxd4 12. Qxd4 Bh6+ 13. Kb1
Bf4 14. fxe6 fxe6 15. Ne2 Be5 16. Qd2 (16. Qe3 $6 Qc7 17. g3 Rc8 18. Qd2 b4 19.
Nf4 a5 20. Ba6 Ra8 21. Qe2 a4 22. Bb5 Bxb5 23. Qxb5+ Ke7 $15 {Kruppa,Y-Lutsko,
I Nikolaev zt 1993 1-0 53}) (16. Qd3 Qb6 17. g3 Rc8 18. Bh3 Ke7 19. Nf4 a5 20.
Qe2 Rhg8 21. Nd3 Qd4 $10 {Luther,T-Stroe,M Oakham 1990 1/2 37}) 16... Qb6 17.
Nf4 a5 (17... Ke7 $6 {Hjartarson,J}) 18. g3 O-O (18... b4 19. Bh3 Ke7 $15) (
18... O-O-O {Hjartarson,J} 19. Bh3 Rhe8 20. Rhf1 $14) 19. Bh3 Rae8 20. Nd3 Bd4
(20... Bc6 $2 {Hjartarson,J} 21. Nxe5 dxe5 22. Qd6 $16 {/\} Kh8 23. Bxe6 Rd8
24. Bd7 $18) 21. Rhe1 b4 $2 (21... Bc8 {Hjartarson,J} 22. c3 Be5 23. Bg4 $14 (
23. Nxe5 dxe5 24. Qd6 Qf2 $132)) 22. Nxb4 Bf2 (22... Bxb2 23. Kxb2 axb4 24.
Qxd6 $18) 23. Rf1 Bc5 (23... Be3 24. Qxd6 (24. Nd5 $18 {Hjartarson,J}) 24...
Qxd6 25. Rxd6 axb4 26. Rxd7 $18) (23... axb4 {Hjartarson,J} 24. Rxf2 Ra8 25.
Rf3 Qa7 26. a3 $16) 24. Nd5 $1 exd5 $2 (24... Qd8 25. Nf4 $16) 25. Qxd5+ Kh8
26. Bxd7 $18 Rb8 27. b3 Qa7 28. Bc6 {xa8} (28. Ba4 $5 {Hjartarson,J}) (28. a4
$1 {Hjartarson,J} Qxd7 29. Qxc5 Qxa4 30. Qd4 $18) 28... a4 29. Qd2 axb3 30.
cxb3 Bb4 31. Qd4 Bc5 32. Qc3 Bb4 33. Qd3 Rbc8 34. Bd5 Bc3 35. Be6 Rc7 36. Rc1
Ra8 37. Qe2 Qa5 38. Bd5 Rac8 39. Qg4 Qa6 40. Rfd1 Rg7 41. Qe6 Ra7 (41... Re7 $5
{Hjartarson,J} 42. Bc4 $1 (42. Qxe7 $2 Qe2 43. Rxc3 $8 (43. Qxf6+ $2 Bxf6 44.
Rxc8+ Kg7 $19) 43... Qxd1+ 44. Kb2 Qd2+ 45. Ka3 Qxc3 46. Qxd6 Qa5+ 47. Kb2 Qd2+
$10) 42... Qb7 43. Qd5 $18) 42. Rd2 (42. a4 $1 $18 {Hjartarson,J}) 42... Kg7 (
42... Rac7 {Hjartarson,J} 43. Rdc2 (43. Rxc3 $2 Qf1+ 44. Kb2 Rxc3 $19) 43...
Qd3 44. Bb7 Be5 (44... Rb8 45. Ba6 $18) 45. Bxc8 Rxc2 46. Qe8+ Kg7 47. Qe7+ Kh6
48. Qf8+ Kh5 49. g4+ Kg5 50. Qg7+ Kf4 51. Qh6+ Kf3 52. Qh3+ $18) 43. e5 $1 dxe5
(43... Bxd2 44. Qxf6#) (43... fxe5 {Hjartarson,J} 44. Qg4+ Kh6 45. Qh4+ Kg7 46.
Qg5+) 44. Qg4+ Kh6 45. Qh4+ Kg7 46. Qg4+ Kh6 47. Be4 Rf7 (47... Bxd2 48. Qh4+
Kg7 49. Qxh7+ Kf8 50. Rxc8+ Qxc8 51. Qh8+ $18) (47... f5 {Hjartarson,J} 48.
Qh4+ Kg6 (48... Kg7 49. Qg5+ Qg6 50. Qxf5) 49. Rf2 $1 fxe4 50. Qxe4+ Kh6 (50...
Kg7 51. Rxc3) 51. Qe3+ Kg7 52. Rxc3) 48. Rxc3 $1 (48. Rxc3 Rxc3 49. Qh4+ Kg7
50. Qxh7+ Kf8 51. Qh8+ Ke7 52. Qd8+ Ke6 53. Bd5+ Kf5 54. Bxf7 (54. Rf2+ {
Hjartarson,J} Kg6 55. Qg8+ Rg7 56. Be4+) 54... Qf1+ 55. Rd1 $18) 1-0

[Event "Bled/Rogaska Slatina"]
[Site "Bled"]
[Date "1991.??.??"]
[Round "8"]
[White "Grosar, Aljosa"]
[Black "Kozul, Zdenko"]
[Result "0-1"]
[WhiteElo "2370"]
[BlackElo "2580"]
[Annotator "Boensch,U"]
[PlyCount "63"]
[EventDate "1991.06.??"]
[EventType "tourn"]
[EventRounds "13"]
[EventCountry "SLO"]
[EventCategory "12"]
[SourceTitle "CBM 024"]
[Source "ChessBase"]
[SourceDate "1991.10.01"]
[SourceVersion "1"]
[SourceVersionDate "1991.10.01"]
[SourceQuality "1"]

1. e4 {Boensch} c5 2. Nf3 d6 3. d4 cxd4 4. Nxd4 Nf6 5. Nc3 Nc6 6. Bg5 e6 7. Qd2
a6 8. O-O-O Bd7 9. f4 b5 10. Nxc6 Bxc6 11. Bd3 Be7 12. e5 dxe5 13. fxe5 Nd7 14.
Bxe7 Qxe7 15. Be4 Nxe5 (15... Qc5 16. Rhe1 Ra7 17. Bxc6 Qxc6 18. Qf2 Qc5 19.
Re3 O-O $10 {Kasparov-Yermolinsky, URS 1977}) 16. Qf4 $6 (16. Qd4 $1 Bxe4 (
16... Qg5+ 17. Kb1 Rd8 18. Qc5 $18 {Gligoric}) (16... f6 17. Qxe5 fxe5 18.
Bxc6+ Kf8 19. Rhf1+ Kg8 20. Bxa8 $18) 17. Nxe4 f6 18. Nd6+ Kf8 19. Rhf1 Kg8 20.
g4 h6 21. h4 $13 {Kasparov-Panchenko, URS 1978}) 16... Bxe4 (16... f6 $2 17.
Qxe5 $1 fxe5 18. Bxc6+ Kf8 (18... Kf7 19. Rd7 $16) 19. Rhf1+ Kg8 20. Bxa8 $18)
17. Qxe5 (17. Qxe4 $2 Qg5+ 18. Kb1 O-O 19. h4 Qf5 $17) (17. Nxe4 $2 Nc4 $17)
17... Bg6 18. Qxg7 Qf8 19. Qe5 Qh6+ 20. Kb1 O-O $13 21. h4 (21. Ne4 $5) 21...
Qg7 22. Qf4 Rac8 23. h5 Bf5 24. h6 (24. g4 Bxg4 25. Rhg1 f5 26. Rde1 $13) 24...
Qg6 25. Rd2 Rc4 26. Qd6 b4 27. Qe7 Bxc2+ $1 (27... bxc3 28. Rd8 Bxc2+ 29. Ka1
cxb2+ 30. Kxb2 $18) 28. Ka1 (28. Rxc2 bxc3 29. b3 Rcc8 $17) 28... Bd3 29. Ne2
Rfc8 $19 30. b3 Qxh6 $1 31. Rhd1 (31. Rxh6 Rc1+ 32. Nxc1 Rxc1+ 33. Kb2 Rb1#)
31... Qxd2 $1 32. Qd8+ (32. Qd8+ Rxd8 33. Rxd2 Rc2 $19) 0-1

[Event "Tatran Cup"]
[Site "Stary Smokovec"]
[Date "1991.??.??"]
[Round "3"]
[White "Gazik, Igor"]
[Black "Popovic, Petar"]
[Result "0-1"]
[WhiteElo "2455"]
[BlackElo "2550"]
[Annotator "Boensch,U"]
[PlyCount "58"]
[EventDate "1991.10.??"]
[EventType "tourn"]
[EventRounds "9"]
[EventCountry "CSR"]
[EventCategory "10"]
[SourceTitle "CBM 026"]
[Source "ChessBase"]
[SourceDate "1992.02.01"]
[SourceVersion "1"]
[SourceVersionDate "1992.02.01"]
[SourceQuality "1"]

1. e4 {Boensch} c5 2. Nf3 Nc6 3. d4 cxd4 4. Nxd4 Nf6 5. Nc3 d6 6. Bg5 e6 7. Qd2
a6 8. O-O-O Bd7 9. f3 (9. f4 b5 10. Nxc6 Bxc6 11. Bxf6 gxf6 12. Bd3 Qb6 13. Kb1
b4 14. Ne2 a5 15. f5 e5 16. Ng3 h5 17. Rhe1 Bh6 18. Qe2 h4 19. Nf1 Ke7 20. Bc4
Rag8 21. Bxf7 $1 Rg7 (21... Kxf7 22. Rxd6 $18) 22. Bd5 Be8 23. Nd2 Bf4 $16 {
Fogarasi,T-Damljanovic,B Brno Mitropa-Cup 1991 1/2 26 -CBM 26}) 9... Rc8 {N} (
9... Be7) (9... Nxd4) (9... b5) (9... Qa5) 10. g4 h6 11. Be3 Ne5 12. h4 b5 13.
Bd3 b4 14. Nce2 d5 15. exd5 Nxd5 16. Nf4 Nxd3+ 17. Qxd3 Nxe3 18. Qxe3 Bc5 19.
Nh5 O-O 20. g5 (20. Qe5 f6 21. Qe4 $13) 20... Qc7 21. Rd2 Ba4 22. gxh6 (22. b3
Rfd8 $19) 22... Bxc2 $1 23. hxg7 (23. Rxc2 Bxd4 $19) 23... Bg6 (23... Rfd8 $2
24. Qh6 $18) 24. gxf8=Q+ Bxf8+ 25. Nc2 (25. Kd1 Qc1+ 26. Ke2 Qxh1 $19) 25...
Bxc2 26. Nf6+ Kh8 27. Ne8 Qc6 (27... Rxe8 $2 28. Rxc2 $18) 28. Qe5+ Kg8 29. Rd6
$4 (29. Nf6+ Kh8 30. Ne8+ $10) 29... Bh6+ (29... Bh6+ 30. Rd2 (30. f4 Qxh1+ $19
) 30... Bd3+ 31. Kd1 Qc1#) 0-1